Подвиг (Запис номер 140960)
[ съкратено ]
| 000 -Лидер | |
|---|---|
| Контролно поле с фиксирана дължина | 01422nam a2200325 c 4500 |
| 003 - Код на организацията, давaща контролен номер | |
| Контролно поле | BLK |
| 005 - Дата и час на последна редакция | |
| Контролно поле | 20180422112316.0 |
| 008 - Елементи от данни с фиксирана дължина | |
| fixed length control field | 180409b bul|||||r ||||||| ||bul|| |
| 010 ## - Наследен системен номер | |
| LC control number | KNG00147029000 |
| 040 ## - Източник на каталожния запис | |
| Идентификатор на билиотеката - собственик на записа | BLK |
| 041 ## - Код за език | |
| Код за езика на текст/звукозапис или на отделно заглавие | Български |
| Код за езика КДБФ | Български |
| 080 ## - УДК | |
| Текстов определител УДК | Българска литература |
| УДК код - определител по УДК | 821.163.2 |
| УДК определител | -93-32 |
| УДК - код + определител | 821.163.2-93-32 |
| 100 1# - Редна дума - Автор | |
| Автор | Мартинов, Иван |
| Авторска отговорност | първи автор |
| Автор - информация (биография) | Георгиев, Иван Цеков |
| R(LIN) | 377039 |
| 139 ## - Редно поле | |
| Редна дума | Мартинов, Иван |
| Авторски знак | Март - М 34 |
| 245 10 - Сведения за заглавието | |
| Заглавие | Подвиг |
| Подзаглавни данни | Разказ за деца |
| Редно поле (дума) | Иван Мартинов; худож. Христо Нейков; * Иван Цеков Георгиев. |
| 257 ## - Страна на издаване | |
| Страна на създаване/издаване | България |
| 260 ## - Област на издателските данни | |
| -- | София |
| Име на издателя, разпространителя и проч. | Бълг. художник |
| Година на издаване | 1965 |
| Печатница | София : ПК Д. Благоев |
| 300 ## - Физическа характеристика | |
| Страници | 16 с. |
| Илюстрации и др. | с ил. |
| Размери/Мащаб | 37 см |
| 380 ## - Жанр | |
| Жанр | Детска худож. лит. |
| 500 ## - Общи забележки | |
| Забележка | Иван Мартинов - псевд. на Иван Цеков Георгиев. - Кор. опис. - 40 100 тир. |
| 653 ## - Ключова дума – ненормативна | |
| Ключова дума | литература за деца |
| 653 ## - Ключова дума – ненормативна | |
| Ключова дума | детска литература |
| 700 1# - Други автори (авторска отговорност) | |
| Лично име | Нейков, Христо |
| Автороска отговорност (Описва отношението между автора и произведението) | худож. |
| 9 (RLIN) | 365109 |
| 700 1# - Други автори (авторска отговорност) | |
| Лично име | Георгиев, Иван Цеков |
| Автороска отговорност (Описва отношението между автора и произведението) | * |
| 9 (RLIN) | 378440 |
| 852 ## - Местоположение | |
| Форматна сигнатура | Цб ІІ 18436 |
| 856 4# - Електронен адрес и достъп | |
| Електронен формат | pdf - файл |
| Път до файла /url/ | |
| 856 4# - Електронен адрес и достъп | |
| Електронен формат | pdf - файл |
| Път до файла /url/ | |
| 942 ## - АРТИКУЛИ | |
| Вид на библиотечния материал | Книги |
| Скрит в OPAC | Не |
| 944 ## - СЪЗДАВАНЕ И РЕДАКЦИЯ на ЗАПИСА | |
| Създаване/Редакция | Създаване |
| Дата на регистрацията/редакция | 24.07.2013 |
| Статус, дата на статуса | 24.07.2013 - от С1,Р / 24.07.2013 |
| Служител, извършил регистрацията/редакцията | Полина_Златанова |
| 944 ## - СЪЗДАВАНЕ И РЕДАКЦИЯ на ЗАПИСА | |
| Създаване/Редакция | Редакция |
| Дата на регистрацията/редакция | 24.07.2013 |
| Статус, дата на статуса | 24.07.2013 - от С1,Р / 24.07.2013 |
| Служител, извършил регистрацията/редакцията | |
| 999 ## - СИСТЕМНИ КОНТРОЛНИ НОМЕРА | |
| Koha biblionumber | 140960 |
| Koha biblioitemnumber | 140960 |
| Код за отписване | Код за изгубен артикул | Източник на класификационната схема | Код за повреда | Коз за рестрикции | Код за отдаване | Артикулен № | Име на библиотеката - собственик | Име на библиотеката, в която се намира в момента | Статус (Текущо местоположение) | Дата на вписване в системата | Местоположение - отдел | Цена в лева | Инвентарен номер | Систематично азбучна сигнатура | Баркод | Номер на екземпляра | Цена в евро | Служебна бележка | Служебен тип на артикула |
|---|---|---|---|---|---|---|---|---|---|---|---|---|---|---|---|---|---|---|---|
| Не е изгубен | Universal Decimal Classification | Не е повреден | само за читалня | ползва се в читалня | 231654 | Регионална библиотека "Любен Каравелов" Русе | Регионална библиотека "Любен Каравелов" Русе | Хранилище | 1965-01-01 | Хранилище | 0.00 | 18517/65 | Цб ІІ 18436 | 900000048553 | 1 | 0.00 | N: стар фонд Дата: 01.01.1965 | Книги | |
| Изтеглен | Не е изгубен | Universal Decimal Classification | Не е повреден | без рестрикции | заемане за дома | 231655 | Регионална библиотека "Любен Каравелов" Русе | Регионална библиотека "Любен Каравелов" Русе | Детски отдел | 1965-01-01 | Детски отдел | 0.20 | 19140/65 | ДХ 886.7/М 34 | 19140/65 | 2 | 0.10 | N: стар фонд Дата: 01.01.1965 Дата инв: 12.10.2015 Бележки инв: Д2015 | Книги |